000 00309nam a2200145Ia 4500
999 _c14303
_d14303
003 OSt
005 20260316162255.0
008 260210s9999 xx 000 0 und d
020 _a9788415492443
082 _a728.8
100 _aBroto
245 0 _aContemporary Villas
260 _bLinks
942 _cUG
_2ddc